000 00355nam a22001457a 4500
003 OSt
005 20160727222417.0
008 160625b xxu||||| |||| 00| 0 eng d
040 _cTEST
100 _91169
_aGardini, N
245 _aLatha and the Dwarves
260 _aBOMBAY
_bBETTER YOURSELF BOOKS
_c1990
300 _aLatha and the Dwarves
942 _2ddc
_cBK
999 _c951
_d951